Summer hours at robbers' library : (Record no. 307693)
[ view plain ]
| 000 -LEADER | |
|---|---|
| fixed length control field | 01341cam a2200325 i 4500 |
| 005 - DATE AND TIME OF LATEST TRANSACTION | |
| control field | 20230906071102.0 |
| 008 - FIXED-LENGTH DATA ELEMENTS--GENERAL INFORMATION | |
| fixed length control field | 221118s2023 onc 000 1 eng d |
| 020 ## - INTERNATIONAL STANDARD BOOK NUMBER | |
| International Standard Book Number | 9780062834065 |
| 040 ## - CATALOGING SOURCE | |
| Original cataloging agency | DLC |
| Language of cataloging | eng |
| Description conventions | rda |
| Transcribing agency | DLC |
| Modifying agency | MMLLC |
| 082 04 - DEWEY DECIMAL CLASSIFICATION NUMBER | |
| Classification number | F Halpern |
| 092 ## - LOCALLY ASSIGNED DEWEY CALL NUMBER (OCLC) | |
| Classification number | F Halpern |
| 100 1# - MAIN ENTRY--PERSONAL NAME | |
| Personal name | Halpern, Sue, |
| Relator term | author. |
| 9 (RLIN) | 5880779 |
| 245 10 - TITLE STATEMENT | |
| Title | Summer hours at robbers' library : |
| Remainder of title | a novel / |
| Statement of responsibility, etc | Susan Halpern. |
| 250 ## - EDITION STATEMENT | |
| Edition statement | First edition. |
| 264 #1 - Production, Publication, Distribution, Manufacture, and Copyright Notice. | |
| Place of production, publication, distribution, manufacture | New York City : |
| Name of producer, publisher, distributor, manufacturer | Harper Perennial, |
| Date of production, publication, distribution, manufacture, or copyr | 2018. |
| 264 #2 - Production, Publication, Distribution, Manufacture, and Copyright Notice. | |
| Place of production, publication, distribution, manufacture | New York, NY : |
| Name of producer, publisher, distributor, manufacturer | Harper Perennial, |
| Date of production, publication, distribution, manufacture, or copyr | 2018 |
| 300 ## - PHYSICAL DESCRIPTION | |
| Extent | pages cm |
| 336 ## - Content Type | |
| Content type term | text |
| 337 ## - Media type | |
| Media type term | unmediated |
| 338 ## - Carrier type | |
| Carrier type term | volume |
| 500 ## - GENERAL NOTE | |
| General note | [Typographic symbols and accents removed for systems compatibility.] |
| 520 ## - SUMMARY, ETC. | |
| Summary, etc | "A debut novel about the unlikely friendship between a middle-aged woman trying to start over and an intelligent, unusual teenage girl that blossoms when she's assigned community service in her local library" -- |
| 650 #0 - SUBJECT ADDED ENTRY--TOPICAL TERM | |
| Topical term or geographic name as entry element | Teenage girls |
| Form subdivision | Fiction. |
| 9 (RLIN) | 5674582 |
| 650 #0 - SUBJECT ADDED ENTRY--TOPICAL TERM | |
| Topical term or geographic name as entry element | Middle-aged women |
| Form subdivision | Fiction. |
| 9 (RLIN) | 5674258 |
| 650 #0 - SUBJECT ADDED ENTRY--TOPICAL TERM | |
| Topical term or geographic name as entry element | Intergenerational relations |
| Form subdivision | Fiction. |
| 9 (RLIN) | 5768473 |
| 650 #0 - SUBJECT ADDED ENTRY--TOPICAL TERM | |
| Topical term or geographic name as entry element | Self-actualization (Psychology) |
| Form subdivision | Fiction. |
| 9 (RLIN) | 5679125 |
| 650 #0 - SUBJECT ADDED ENTRY--TOPICAL TERM | |
| Topical term or geographic name as entry element | Libraries |
| Form subdivision | Fiction. |
| 9 (RLIN) | 5676033 |
| 651 #0 - SUBJECT ADDED ENTRY--GEOGRAPHIC NAME | |
| Geographic name | Connecticut |
| Form subdivision | Fiction. |
| 9 (RLIN) | 5673772 |
| 942 ## - ADDED ENTRY ELEMENTS (KOHA) | |
| Koha item type | BOOK |
| Source of classification or shelving scheme | Dewey Decimal Classification |
| Withdrawn status | Lost status | Source of classification or shelving scheme | Damaged status | Not for loan | Collection code | Home library | Current library | Shelving location | Date acquired | Cost, normal purchase price | Total Checkouts | Total Renewals | Full call number | Barcode | Date last seen | Date checked out | Cost, replacement price | Price effective from | Koha item type |
|---|---|---|---|---|---|---|---|---|---|---|---|---|---|---|---|---|---|---|---|
| Dewey Decimal Classification | Fiction | Wasatch County Library | Wasatch County Library | First Floor | 04/03/2018 | 26.99 | 12 | 4 | F Halpern | 34301001546987 | 11/19/2025 | 10/31/2025 | 26.99 | 03/20/2020 | BOOK |
